00327nam a22001217a 450000500170000000800410001704100230005808200120008110000230009324500390011630000250015565000250018020240823104228.0240823b |||||||| |||| 00| 0 eng d aEnglish/Afrikaans  a349 LAW lEnglish/Afrikaans  aThe Laws of South West Africa 1967 b603 pages; c25 cm.  aLegal practice bLaw